000 00790nam a2200229 i 4500
001 42928
003 ES-MaACL
005 20230906160713.0
007 t|
008 030314s1960 sp |||| | spa d
245 0 0 _aCélulas de la sangre y proteínas del plasma /
_ccompilación de James L. Tullis ; traducción del inglés por Faustino Cordón.
260 _aMadrid :
_bRevista de Occidente,
_c[1960]
300 _a517 p. :
_bil. ;
_c23 cm.
490 1 _aBiblioteca Ibys de ciencia biológica
650 4 _aCélulas sanguíneas.
_9149259
650 4 _aPlasma sanguíneo.
_9169529
700 1 _aTullis, James L.
_9111669
700 1 _aCordón, Faustino.
_940557
830 1 _aBiblioteca Ibys de ciencia biológica
_9181969
852 _aES-MaACL
_jC-18472
999 _c42928
_d42928